Music Quiz

Random Music or Decade Quiz
Score 0/20 Timer 06:00
31 Plays Today
% Correct
Wrecking Ball
96%
Shape of You
95.4%
Blank Space
95.3%
Gangnam Style
95.1%
Call Me Maybe
93.7%
Can’t Stop the Feeling
92.2%
Just the Way You Are
90.1%
We Found Love
89.4%
Moves Like Jagger
88.8%
Uptown Funk
87.1%
% Correct
Somebody That I Used to Know
86.9%
Despacito
86.5%
This Is America
85.9%
Ride
83.2%
Get Lucky
82.3%
Love the Way You Lie
80.6%
Happy
80.3%
Shake It Out
70.9%
Lazarus
68.9%
Rolling in the Deep
68.9%

You're not logged in!

Compare scores with friends on all Sporcle quizzes.
OR
Log In

Sporcle TV

Today on Sporcle TV


Watch our educational content, quiz creation guides, and fun videos on Sporcle TV.

Show Comments

Extras

Top Quizzes Today


Score Distribution

Paid Content

Your Account Isn't Verified!

In order to create a playlist on Sporcle, you need to verify the email address you used during registration. Go to your Sporcle Settings to finish the process.

Report this User

Report this user for behavior that violates our Community Guidelines.

Details: